00466nam a2200157 a 4500001001400000005001700014008004100031100003200072245007200104250001200176260002600188300001100214490002400225650003300249650002600282$$a000002408820200120222102.0051003s1982 col0 gr0 000 d0 aGarcía Márquez, Gabriel13aEl coronel no tiene quien le escriba /cGabriel García Márquez. a1a. ed. aBogotábOrbisc1982 a153 p. aPremio Nóbel 198214aNOVELA COLOMBIANA - SIGLO XX14aLITERATURA COLOMBIANA